• 首页
  • 本馆介绍
  • 公告通知
  • 最新文献
  • 馆藏检索
  • 电子资源
  • 读者导购
  • 参考咨询
  • 我的图书馆
  • 登录
  • 详细信息显示
  • 放入我的书架
  • 预约/预借图书
  • 作者相关作品
  • 分类相关作品
  • 丛书相关作品
  • 出版社相关作品

书目信息

  • 表格格式
  • 工作单格式
  • 卡片格式
题名:
城市污泥资源化技术进展
    
 
作者: 张光明 , 张信芳 , 张盼月 编著
分册:  
出版信息: 北京   化学工业出版社  2006
页数: 180页
开本: 24cm
丛书名:
单 册:
中图分类: X703.1
科图分类:
主题词: 城市--污泥处理--技术方法 , 城市--污泥利用--技术方法
电子资源:
ISBN: 7-5025-8256-8
000 00979nam0 2200289 450
001 012004037423
005 20070805151815.10
009 012004037423
010    @a7-5025-8256-8@dCNY28.00
035    @a(110120)012006063378
100    @a20060515d2006 em y0chiy0110 ea
101 0  @achi
102    @aCN@b110000
105    @aa z 000yy
106    @ar
200 1  @a城市污泥资源化技术进展@Acheng shi wu ni zi yuan hua ji shu jin zhan@f张光明,张信芳,张盼月编著
210    @a北京@c化学工业出版社@d2006
215    @a180页@c图表@d24cm
330    @a本书较全面地概括了污泥减量化与资源化技术的最新进展;分析了城市污泥产生及其特性影响因素;讨论了污泥减量化与资源化方向的前沿性理念。
606 0  @a城市@x污泥处理@x技术方法
606 0  @a城市@x污泥利用@x技术方法
690    @aX703.1@v4
701  0 @a张光明@Azhang guang ming@4编著
701  0 @a张信芳@Azhang xin fang@4编著
701  0 @a张盼月@Azhang pan yue@4编著
801  0 @aCN@b110120@c20070805
905    @dX703.1@e107@f5
    
    城市污泥资源化技术进展/张光明,张信芳,张盼月编著.-北京:化学工业出版社,2006
    180页:图表;24cm
    
    
    ISBN 7-5025-8256-8:CNY28.00
    本书较全面地概括了污泥减量化与资源化技术的最新进展;分析了城市污泥产生及其特性影响因素;讨论了污泥减量化与资源化方向的前沿性理念。
●
相关链接 在E读中查询图书 在五车中查询图书 在当当中查询图书 在豆瓣中查询图书


正题名:城市污泥资源化技术进展     索取号:X703.1/107         预约/预借

序号 登录号 条形码 馆藏地/架位号 状态 备注
1 0850692   208506927   第二样本阅览室/ [索取号:X703.1/107] 在馆    
2 0850693   208506936   第三借阅区/ [索取号:X703.1/107] 在馆    
3 0850694   208506945   第三借阅区/ [索取号:X703.1/107] 在馆    
4 0850695   208506954   第三借阅区/ [索取号:X703.1/107] 在馆    
5 0850696   208506963   第三借阅区/ [索取号:X703.1/107] 在馆    
唐山师范学院图书馆 欢迎您!
大连网信软件有限公司© 版权所有